The surveyors' channel (Record no. 103850)

MARC details
000 -LEADER
fixed length control field 00708cam a2200229 4500
001 - CONTROL NUMBER
control field J127985
008 - FIXED-LENGTH DATA ELEMENTS--GENERAL INFORMATION
fixed length control field 041116n2002 000 0 eng u
035 ## - SYSTEM CONTROL NUMBER
System control number (Sirsi) u127985
050 ## - LIBRARY OF CONGRESS CALL NUMBER
Classification number 333.332
-- 18
245 #4 - TITLE STATEMENT
Title The surveyors' channel
Remainder of title Time to act
Medium [multimedia]
260 ## - PUBLICATION, DISTRIBUTION, ETC.
Place of publication, distribution, etc. London
Name of publisher, distributor, etc. TEN
Date of publication, distribution, etc. 2002
300 ## - PHYSICAL DESCRIPTION
Extent 1 CD-Rom
490 ## - SERIES STATEMENT
Series statement Surveyors' Channel eCPD
Volume/sequential designation (964) October 2002
505 ## - FORMATTED CONTENTS NOTE
Formatted contents note 964 Valuation: Time to act: the Carsberg report - from conception to implementation
520 ## - SUMMARY, ETC.
Summary, etc. CD-ROM
520 ## - SUMMARY, ETC.
Summary, etc. Filed in the book sequence.
650 ## - SUBJECT ADDED ENTRY--TOPICAL TERM
Topical term or geographic name entry element CARSBERG REPORT
650 ## - SUBJECT ADDED ENTRY--TOPICAL TERM
Topical term or geographic name entry element CARSBERG RECOMMENDATIONS
690 ## - LOCAL SUBJECT ADDED ENTRY--TOPICAL TERM (OCLC, RLIN)
Topical term or geographic name as entry element PROPERTY-PROPERTY APPRAISAL AND VALUATION
942 ## - ADDED ENTRY ELEMENTS (KOHA)
Suppress in OPAC 0
Holdings
Withdrawn status Lost status Source of classification or shelving scheme Damaged status Not for loan Home library Current library Shelving location Date acquired Cost, normal purchase price Total Checkouts Full call number Barcode Date last seen Date last checked out Copy number Cost, replacement price Price effective from Koha item type
    Other/Generic Classification Scheme     London London Basement 11/02/2005 79.99 1 BASEMENT 30069827 06/08/2019 23/02/2005 1 79.99 06/08/2019 Audio